000 00347nam a2200133Ia 4500
005 20260328101517.0
008 260328s9999||||xx |||||||||||||| ||und||
100 _aWright, Lawrence
245 0 _aCaliente y Confortable. Historia de la Cama /
_cLawrence Wright
260 _bNoguer
300 _a396 p.
650 _aDISEÑO INDUSTRIAL
942 _cBK
999 _c9435
_d9435